Statistics for Word Scramble - Religions

Click here to take the quiz!

General Stats

  • This quiz has been taken 24 times
  • The average score is 7 of 13

Answer Stats

HintAnswer% Correct
dinhsmuiHinduism
95%
lamisIslam
84%
duhsimbdBuddhism
74%
isjanimJainism
74%
zroartanmsiomsZoroastrianism
63%
rhciytstinaChristianity
58%
kiimsshSikhism
58%
iprsmitisSpiritism
58%
djsmiauJudaism
53%
nohistShinto
53%
hecjuJuche
42%
doiacaCao Dai
16%
kyrteoinTenrykio
0%

Score Distribution

Percentile by Number Answered

Percent of People with Each Score

Your Score History

You have not taken this quiz